Interpretacin̤ Jurd̕ica y creacin̤ Judicial del Derecho

Detalles Bibliográficos
Autor principal: Prieto Sanchs̕, Luis
Formato: eBook
Lenguaje:español
Publicado: Lima : Editorial Palestra, 2007
Materias:
Acceso en línea:Acceso restringido

MARC

LEADER 00000nam a22000007a 4500
005 20120618162628.0
007 cr|||| ||||
008 120618s2007 pe |||||s|||| 00||0 spa d
035 |a 6485 
040 |a vLex 
090 |c 3188  |d 3188 
100 1 |a Prieto Sanchs̕, Luis 
245 1 0 |a Interpretacin̤ Jurd̕ica y creacin̤ Judicial del Derecho  |h [Recurso electrn̤ico] /  |c Luis Prieto Sanchs̕ 
256 |a Servicio en ln̕ea 
260 |a Lima :  |b Editorial Palestra,  |c 2007 
300 |a 1 recurso electrn̤ico 
506 1 |a Contenido solo disponible en los productos indicados  |d vLex Global   |d vLex Global (Academic Edition, excluding Law Schools)   |d vLex Global (U.S. Academic Edition, Law Schools)   |d vLex Global (U.S. Academic Edition, excluding Law Schools)   |d vLex Global (Academic Edition, Law Schools)  
650 |a Derecho  |x Interpretacin̤  |z Per︢ 
740 0 |a vLex Libros (Servicio en ln̕ea) 
856 4 0 |u http://vlex.com/source/interpretacion-juridica-creacion-judicial-derecho-6485  |z Acceso restringido 
942 |c BOOK 
999 0 |a Law--Interpretation and construction